Investigation of the efficiency of some fungicides and disinfectants applied in Agaricus bisporus cultivation

Pathogenic moulds (e.g., Trichoderma, Hypomyces, and Lecanicillium) cause huge problems in industrial scale production of Agaricus bisporus. It is important to choose the right control strategy, either chemical or biocontrol-based, to prevent substantial economic losses. The present study was carrie...

Teljes leírás

Elmentve itt :
Bibliográfiai részletek
Szerzők: Misz András
Allaga Henrietta
Büchner Rita
Varga András
Bakos-Barczi Nóra
Bajzát Judit
Kredics László
Csutorás Csaba
Vágvölgyi Csaba
Dokumentumtípus: Cikk
Megjelent: University of Szeged Szeged 2022
Sorozat:Acta biologica Szegediensis 66 No. 2
Kulcsszavak:Növényvédelem, Mikológia, Növénybetegség - gombák, Gombatermesztés, Mikrobiológia
Tárgyszavak:
doi:10.14232/abs.2022.2.100-105

Online Access:http://acta.bibl.u-szeged.hu/86921
LEADER 02624nab a2200349 i 4500
001 acta86921
005 20250414143429.0
008 250414s2022 hu o 000 eng d
022 |a 1588-4082 
024 7 |a 10.14232/abs.2022.2.100-105  |2 doi 
040 |a SZTE Egyetemi Kiadványok Repozitórium  |b hun 
041 |a eng 
100 1 |a Misz András 
245 1 0 |a Investigation of the efficiency of some fungicides and disinfectants applied in Agaricus bisporus cultivation  |h [elektronikus dokumentum] /  |c  Misz András 
260 |a University of Szeged  |b Szeged  |c 2022 
300 |a 100-105 
490 0 |a Acta biologica Szegediensis  |v 66 No. 2 
520 3 |a Pathogenic moulds (e.g., Trichoderma, Hypomyces, and Lecanicillium) cause huge problems in industrial scale production of Agaricus bisporus. It is important to choose the right control strategy, either chemical or biocontrol-based, to prevent substantial economic losses. The present study was carried out to reveal the in vitro efficacy of some fungicides and disinfectants against causative agents of wet bubble (Hypomyces perniciosus), dry bubble (Lecanicillium fungicola var. fungicola), cobweb disease (Hypomyces odoratus), and green mould (e.g., Trichoderma aggressivum f. aggressivum, T. aggressivum f. europaeum, T. harzianum), the four most devastating fungal infections in mushroom production. Prochloraz was efficient against Trichoderma and H. perniciosus isolates. Metrafenone did not cause complete inhibition for any of the isolates even at the highest concentration (5%) tested. In both cases Lecanicillium isolates displayed the lowest growth rate inhibition. Concerning the tested disinfectants, treatment with Sekusept Aktiv resulted in complete growth inhibition for all isolates in the concentration range of 1.25-5%. Terralin Protect, Disinflex and Formalin were also effective, except against the tested isolates of T. agressivum f. agressivum which proved to be the most resistant. 
650 4 |a Természettudományok 
650 4 |a Biológiai tudományok 
650 4 |a Mezőgazdaság-tudományok 
650 4 |a Mezőgazdaság, erdészet, halászat 
695 |a Növényvédelem, Mikológia, Növénybetegség - gombák, Gombatermesztés, Mikrobiológia 
700 0 1 |a Allaga Henrietta  |e aut 
700 0 1 |a Büchner Rita  |e aut 
700 0 1 |a Varga András  |e aut 
700 0 2 |a Bakos-Barczi Nóra  |e aut 
700 0 2 |a Bajzát Judit  |e aut 
700 0 2 |a Kredics László  |e aut 
700 0 2 |a Csutorás Csaba  |e aut 
700 0 2 |a Vágvölgyi Csaba  |e aut 
856 4 0 |u http://acta.bibl.u-szeged.hu/86921/1/biologica_066_numb_002_100-105.pdf  |z Dokumentum-elérés